| 000 | 00629nam a2200193 i 4500 | ||
|---|---|---|---|
| 001 | 85168 | ||
| 003 | ES-MaACL | ||
| 005 | 20230906175209.0 | ||
| 007 | t| | ||
| 008 | 041125s1973 sp ||||1| spa d | ||
| 100 | 1 |
_aJones, R. S. _966867 |
|
| 245 | 1 | 0 |
_aTratamiento del niño críticamente enfermo / _cR.S. Jones y J.B. Owen-Thomas ; [versión, O. Altirriba Valls, F. Rapall Torrent. |
| 260 |
_aBarcelona : _bJims, _c[1973] |
||
| 300 |
_aXIII, 322 p. ; _c25 cm. |
||
| 700 | 1 |
_aOwen-Thomas, J. B. _988033 |
|
| 700 | 1 |
_aAltirriba Valls, O. _920544 |
|
| 700 | 1 |
_aRapall Torrent, F. _995447 |
|
| 852 |
_aES-MaACL _jC-53767 _bR.86593 |
||
| 999 |
_c85168 _d85168 |
||